Slovensko ako nový člen Európskej menovej únie bakalárska práca

Gespeichert in:
Bibliographische Detailangaben
1. Verfasser: Šlachtičová, Katarína
Körperschaft: Fakulta medzinárodných vzťahov EU. Katedra medzinárodných ekonomických vzťahov a hospodárskej diplomacie
Weitere Verfasser: Billý, Ľubomír
Format: Buch
Sprache:Slowakisch
Veröffentlicht: Bratislava 2010
Tags: Tag hinzufügen
Keine Tags, Fügen Sie das erste Tag hinzu!

MARC

LEADER 00000nam$a2200000$$$4500
001 0137061
005 20240320074511.8
041 0 |a slo 
044 |a SK 
245 1 0 |a Slovensko ako nový člen Európskej menovej únie  |b bakalárska práca  |c Katarína Šlachtičová ; školiteľ: Ľubomír Billý 
264 1 |a Bratislava  |c 2010 
300 |a 48 s. 
100 1 |a Šlachtičová, Katarína 
700 1 |a Billý, Ľubomír 
710 2 |a Fakulta medzinárodných vzťahov EU. Katedra medzinárodných ekonomických vzťahov a hospodárskej diplomacie